<?xml version="1.0" encoding="UTF-8"?>
<collection xmlns="http://www.loc.gov/MARC21/slim">
 <record>
  <leader>00968cam a2200169 7i4500</leader>
  <controlfield tag="001">0000136741</controlfield>
  <controlfield tag="005">20100728090000.0</controlfield>
  <controlfield tag="002">  0000001807</controlfield>
  <datafield tag="090" ind1="0" ind2="0">
   <subfield code="a">LI 48 FPE 1 2002 </subfield>
  </datafield>
  <datafield tag="100" ind1="0" ind2="#">
   <subfield code="a">Wan Mohd Zaifurin Wan Nawang </subfield>
  </datafield>
  <datafield tag="245" ind1="1" ind2="0">
   <subfield code="a">Laporan akhir latihan industri di Yayasan Pembangunan Keluarga Terengganu  </subfield>
   <subfield code="c">Wan Mohd Zaifurin Wan Nawang.</subfield>
  </datafield>
  <datafield tag="260" ind1="#" ind2="#">
   <subfield code="a">Terengganu: </subfield>
   <subfield code="b">Kolej Universiti Sains dan Teknologi Malaysia, </subfield>
   <subfield code="c">2002.</subfield>
  </datafield>
  <datafield tag="300" ind1=" " ind2=" ">
   <subfield code="a">v, 87 p.: </subfield>
   <subfield code="b">col.ill.; </subfield>
   <subfield code="c">30 cm..</subfield>
  </datafield>
  <datafield tag="502" ind1="#" ind2="#">
   <subfield code="a">Latihan Industri FPE (Ijazah Sarjana Muda Sains - Polisi Awam dan Sekitaran) 2002</subfield>
  </datafield>
  <datafield tag="520" ind1="3" ind2="#">
   <subfield code="a">Latihan industri selama 12 minggu di Yayasan Pembangunan Keluarga Terengganu telah memberi pelbagai kemahiran dan pengalaman. Hasil daripada menjalani latihan industri pelatih telah memperolehi pengalaman dan kemahiran asas profesional, mengaplikasn teori yang dipelajari dan memahami nilai etika profesional</subfield>
  </datafield>
  <datafield tag="602" ind1="#" ind2="#">
   <subfield code="a">Latihan Industri FPE 2002</subfield>
  </datafield>
  <datafield tag="999" ind1=" " ind2=" ">
   <subfield code="a">1100033031</subfield>
   <subfield code="b">Book</subfield>
   <subfield code="c">Latihan Industri</subfield>
   <subfield code="e">BILIK ARKIB</subfield>
  </datafield>
 </record>
</collection>
